000 01120nam0a2200349 4500
001 RU\NLR\BIBL_A\012411625
005 20201223183737.0
010 _a978-5-04-111899-0
_93000
021 _aRU
_bКН-П-20-046709
_9КН-П-20-3560
035 _a(NLR Aleph) 012411625
035 _a(RuMoRGB)010398491
090 _a11778889
_c11778889
100 _a20201126d2020 u y0rusy50 ca
101 1 _arus
_ceng
102 _aRU
105 _aa z 000zy
181 0 _ai
_baxxe
182 0 _an
200 1 _aЕго банан
_fПенелопа Блум
_g[перевод с английского Е. Парахневич]
203 _aТекст
_bвизуальный
_cнепосредственный
210 _aМосква
_cЭксмо
_d2020
215 _a248 с.
_d20
225 1 _aModern love hot
333 _a18+
686 1 _aШ6(7США)67-440.4{Лх1979-50}
700 1 _aБлум
_bП.
_gПенелопа
_3RU\NLR\AUTH\770224765
942 _cBOOK
980 _aNBR
980 _aNB